000 00308nam a22001217a 4500
020 _a9788123920542
082 _a519
_bSAR/AD
100 _aSarna, I.J.S
_9259
245 _aAdvanced Engineering Mathmatics
260 _aNew Delhi
_bCBS Publishers & Distributors Pvt. Ltd
_c2012
300 _a13.51
942 _cBK
999 _c14198
_d14198